Účtovanie o DPH v jednoduchom účtovníctve
Účtovanie DPH pre fyzické a právnické osoby v jednoduchom účtovníctve. Obsah peňažného denníka. Účtovanie o nákupoch a predvýrobe u platiteľa DPH. Čiastočné úhrady za prijaté plnenie a DPH. Účtovanie v knihe pohľadávok a záväzkov.
Na minha lista:
| Autor principal: | |
|---|---|
| Formato: | Capítulo de Livro |
| Idioma: | eslovaco |
| Assuntos: | |
| Tags: |
Sem tags, seja o primeiro a adicionar uma tag!
|
MARC
| LEADER | 00000naa a2200000 4500 | ||
|---|---|---|---|
| 001 | r025245 | ||
| 005 | 20230824085424.0 | ||
| 041 | 0 | |a slo | |
| 044 | |a SK | ||
| 245 | 1 | 0 | |a Účtovanie o DPH v jednoduchom účtovníctve |c Tatjana Pecháčová |
| 520 | |a Účtovanie DPH pre fyzické a právnické osoby v jednoduchom účtovníctve. Obsah peňažného denníka. Účtovanie o nákupoch a predvýrobe u platiteľa DPH. Čiastočné úhrady za prijaté plnenie a DPH. Účtovanie v knihe pohľadávok a záväzkov. | ||
| 610 | 2 | 0 | |a účtovanie |
| 610 | 2 | 0 | |a dane z hodnoty pridanej |
| 610 | 2 | 0 | |a účtovníctvo |
| 610 | 2 | 0 | |a účtovníctvo jednoduché |
| 100 | 1 | |a Pecháčová, Tatjana | |